| 000 | 00365 a2200169 4500 | ||
|---|---|---|---|
| 001 | 185118 | ||
| 020 | _a978-85-7319-318-2 | ||
| 040 | _cMagnum | ||
| 100 | _aRibeiro, Jonas | ||
| 240 | 1 | 0 |
_aEu te amo para sempre _lpor |
| 245 | 1 | 0 | _aEu te amo para sempre |
| 300 | _a20 | ||
| 362 | 0 | _a2008 | |
| 440 | 1 | _aDimensão | |
| 697 | _aLITERATURA INFANTO | ||
| 942 | _cBK | ||
| 999 |
_c185118 _d185118 |
||